DICTIONARY OF ENTOMOLOGY (Record no. 29560)

000 -LEADER
fixed length control field 00315nam a2200133Ia 4500
008 - FIXED-LENGTH DATA ELEMENTS--GENERAL INFORMATION
fixed length control field 200615s9999||||xx |||||||||||||| ||und||
020 ## - INTERNATIONAL STANDARD BOOK NUMBER
International Standard Book Number 9798174733855
082 ## - DEWEY DECIMAL CLASSIFICATION NUMBER
Classification number 620
Item number DIC-A
100 ## - MAIN ENTRY--PERSONAL NAME
Personal name ARORA,HIMANSHU
245 #0 - TITLE STATEMENT
Title DICTIONARY OF ENTOMOLOGY
250 ## - EDITION STATEMENT
Edition statement 2ND
260 ## - PUBLICATION, DISTRIBUTION, ETC.
Place of publication, distribution, etc. New Delhi
Name of publisher, distributor, etc. AITBS
Date of publication, distribution, etc. 2018
942 ## - ADDED ENTRY ELEMENTS (KOHA)
Koha item type Book
Holdings
Withdrawn status Lost status Damaged status Not for loan Collection code Permanent Location Current Location Date acquired Total Checkouts Barcode Date last seen Price effective from Koha item type
        School of Engineering Central Library, MUIT, Lucknow Central Library, MUIT, Lucknow 2020-06-15   SOE05912 2020-06-15 2020-06-15 Reference Book

All Rights Reserved@MUIT

Powered by Koha